[Event "Top 16 Groupe B"]
[Site "Chartres, France"]
[Date "2024.05.31"]
[Round "2.2"]
[White "Neiksans, Arturs"]
[Black "Marin, Mihail"]
[Result "1-0"]
[WhiteElo "2575"]
[BlackElo "2456"]
[PlyCount "137"]
[EventDate "2024.??.??"]

1. d4 {2} e6 {27} 2. Nf3 {47} f5 {32} 3. g3 {42} Nf6 {6} 4. Bg2 {4} g6 {6} 5.
O-O {21} Bg7 {3} 6. c4 {25} O-O {7} 7. b4 {19} Ne4 {111} 8. Bb2 {26} b6 {8} 9.
e3 {50} Bb7 {81} 10. Nfd2 {37} d5 {281} 11. Nc3 {66} Re8 {819} 12. Rc1 {1402}
Nc6 {965} 13. cxd5 {682} exd5 {60} 14. Ndxe4 {131} dxe4 {31} 15. Qb3+ {13} Kh8
{11} 16. Rfd1 {114} a6 {357} 17. Bf1 {112} Rc8 {413} 18. a4 {595} Qd7 {189} 19.
b5 {509} Na5 {171} 20. Qa2 {15} axb5 {108} 21. Bxb5 {23} c6 {123} 22. Bf1 {10}
Qe6 {65} 23. Qxe6 {375} Rxe6 {5} 24. Rb1 {34} c5 {85} 25. dxc5 {229} bxc5 {7}
26. Rd7 {195} c4 {233} 27. Nb5 {787} Bxb2 {187} 28. Rxb2 {5} Bc6 {36} 29. Ra7 {
54} Ra8 {475} 30. Rxa8+ {161} Bxa8 {6} 31. Nc7 {136} Rc6 {27} 32. Nxa8 {14} c3
{6} 33. Rc2 {36} Nb3 {5} 34. Bb5 {302} Rc5 {47} 35. Nb6 {24} Na1 {207} 36. Ra2
{9} Nb3 {358} 37. Rc2 {63} Na1 {13} 38. Ra2 {3} Nb3 {7} 39. Nc4 {100} Rd5 {6}
40. Rc2 {61} Nd2 {16} 41. Rc1 {707} Nf3+ {184} 42. Kg2 {194} c2 {155} 43. Nb2 {
15} Rd2 {113} 44. a5 {138} Rd8 {224} 45. a6 {128} Rb8 {169} 46. a7 {28} Ra8 {4}
47. Be2 {6} Ne5 {18} 48. Rxc2 {23} Rxa7 {4} 49. Rc5 {83} Nd7 {85} 50. Rb5 {7}
Nf6 {21} 51. Nc4 {12} Rd7 {31} 52. Rb2 {64} Kg7 {10} 53. Na5 {24} Kh6 {40} 54.
h4 {27} Ra7 {31} 55. Nc6 {16} Rc7 {16} 56. Nd4 {7} Nd5 {49} 57. Ne6 {12} Ra7 {
14} 58. Rc2 {47} Ra3 {44} 59. Rd2 {64} Ra5 {69} 60. Nf4 {86} Nxf4+ {49} 61.
gxf4 {9} Ra7 {14} 62. Rd6 {25} Ra2 {50} 63. Bd1 {30} Rb2 {13} 64. h5 {60} Kg7 {
6} 65. hxg6 {26} hxg6 {4} 66. Ba4 {7} Rb8 {9} 67. Ra6 {54} Kh6 {20} 68. Re6 {18
} Rg8 {68} 69. Re8 {7} 1-0

[Event "Top 16 Groupe B"]
[Site "Chartres, France"]
[Date "2024.05.31"]
[Round "2.3"]
[White "Jianu, Vlad-Cristian"]
[Black "Kulaots, Kaido"]
[Result "1/2-1/2"]
[WhiteElo "2482"]
[BlackElo "2520"]
[PlyCount "35"]
[EventDate "2024.??.??"]

1. d4 {2} Nf6 {21} 2. Nf3 {11} g6 {18} 3. c4 {41} Bg7 {15} 4. Nc3 {6} d5 {63}
5. e3 {52} O-O {246} 6. Qb3 {11} e6 {172} 7. Be2 {56} b6 {354} 8. O-O {12} Bb7
{158} 9. Rd1 {215} Nbd7 {190} 10. cxd5 {55} Nxd5 {216} 11. Bd2 {35} c5 {84} 12.
Rac1 {225} Qe7 {896} 13. Qa3 {276} cxd4 {338} 14. Qxe7 {31} Nxe7 {9} 15. Nxd4 {
12} a6 {436} 16. Be1 {818} Rfd8 17. b4 {1644} Rac8 {423} 18. b5 {606} 1/2-1/2

[Event "Top 16 Groupe B"]
[Site "Chartres, France"]
[Date "2024.05.31"]
[Round "2.4"]
[White "Fantinel, Thibault"]
[Black "Di Nicolantonio, Lucas"]
[Result "0-1"]
[WhiteElo "2406"]
[BlackElo "2406"]
[PlyCount "70"]
[EventDate "2024.??.??"]

1. e4 {3} g6 {43} 2. d4 {52} Bg7 {6} 3. Nf3 {5} d6 {42} 4. Be2 {212} Nf6 {89}
5. Nc3 {4} O-O {19} 6. O-O {4} c5 {118} 7. d5 {101} e6 {27} 8. Re1 {497} Na6 {
442} 9. dxe6 {726} Bxe6 {118} 10. Ng5 {365} Nc7 {659} 11. Bf4 {901} Nfe8 {148}
12. Qd2 {224} Bd7 {534} 13. Rad1 {392} Bc6 {266} 14. Qe3 {164} Qe7 {859} 15.
Bc4 {537} Rd8 {572} 16. Qg3 {393} b5 {812} 17. Bd5 {289} Bxd5 {101} 18. exd5 {
536} Qd7 {21} 19. h4 {271} Nf6 {230} 20. Qf3 {119} b4 {736} 21. Nce4 {33} Nxe4
{92} 22. Nxe4 {40} Nb5 {13} 23. Bg5 {169} f5 {84} 24. Nd2 {35} Rde8 {37} 25.
Nc4 {25} f4 {43} 26. Bxf4 {61} Nd4 {30} 27. Qg3 {14} Ne2+ {33} 28. Rxe2 {4}
Rxe2 {2} 29. Rd2 {71} Re1+ {60} 30. Kh2 {1} Re4 {19} 31. Bxd6 {48} Rxc4 {53}
32. Bxf8 {3} Bxf8 {6} 33. d6 {33} Rd4 {25} 34. Rxd4 {28} cxd4 {4} 35. Qb3+ {7}
Kg7 {10} 0-1

[Event "Top 16 Groupe B"]
[Site "Chartres, France"]
[Date "2024.05.31"]
[Round "2.5"]
[White "Congiu, Mathilde"]
[Black "Chabanon, Jean-Luc"]
[Result "1/2-1/2"]
[WhiteElo "2205"]
[BlackElo "2400"]
[PlyCount "131"]
[EventDate "2024.??.??"]

1. e4 {3} c6 {50} 2. d4 {35} d5 {7} 3. e5 {26} Bf5 {12} 4. h4 {87} h5 {145} 5.
Bd3 {114} Bxd3 {12} 6. Qxd3 {10} e6 {92} 7. Nf3 {80} Qa5+ {324} 8. Nbd2 {197}
Qa6 {40} 9. c4 {157} Ne7 {518} 10. b3 {294} Nf5 {236} 11. a4 {137} Qa5 {124}
12. O-O {479} Be7 {317} 13. Ba3 {514} Qd8 {887} 14. a5 {908} Bxa3 {275} 15.
Rxa3 {18} Nxh4 {15} 16. cxd5 {914} Nxf3+ {208} 17. Nxf3 {97} Qxd5 {248} 18. Ng5
{219} Na6 {79} 19. Ne4 {218} O-O-O {390} 20. Nd6+ {116} Rxd6 {10} 21. exd6 {12}
Qxd6 {96} 22. Raa1 {850} Nb4 {398} 23. Qe4 {189} f5 {888} 24. Qe2 {112} h4 {75}
25. a6 {187} b6 {135} 26. Rfc1 {65} h3 {114} 27. Qe5 {82} h2+ {143} 28. Kh1 Nd3
{48} 29. Qe3 {8} Nxc1 {21} 30. Rxc1 {11} Kd7 {57} 31. Qg5 {51} Qxd4 {90} 32. b4
{72} b5 {89} 33. Qg6 {29} Ke7 {72} 34. Re1 {51} Qf6 {38} 35. Qg3 {10} f4 {29}
36. Qf3 {24} Qf5 {66} 37. Qxc6 {29} f3 {34} 38. Qc7+ {37} Kf6 {41} 39. Qc3+ {10
} Kf7 {81} 40. Qc7+ {94} Kf6 {66} 41. Qc3+ {120} Kg6 {630} 42. gxf3 {425} Rh3 {
299} 43. Qe3 {627} Qxf3+ {705} 44. Qxf3 {7} Rxf3 {3} 45. Rxe6+ {56} Rf6 {25}
46. Re5 {90} Rxa6 {198} 47. Rxb5 {154} Rf6 {55} 48. Kxh2 {46} Rxf2+ {18} 49.
Kg3 {12} Ra2 {21} 50. Rb7 {159} Kf6 {39} 51. b5 {33} Ra3+ {7} 52. Kg4 {90} Ra4+
{5} 53. Kg3 {79} Ra3+ {76} 54. Kg4 {12} Kg6 {15} 55. b6 {25} Ra4+ {5} 56. Kg3 {
27} axb6 {11} 57. Rxb6+ {3} Kh5 {27} 58. Rb5+ {96} g5 {14} 59. Rb3 {8} Rg4+ {15
} 60. Kh3 {28} Rg1 {31} 61. Kh2 {9} Rf1 {31} 62. Kg2 {22} Rf5 {14} 63. Kg3 {25}
g4 {54} 64. Ra3 {26} Rf3+ {6} 65. Rxf3 {5} gxf3 {5} 66. Kxf3 {3} 1/2-1/2

[Event "Top 16 Groupe B"]
[Site "Chartres, France"]
[Date "2024.05.31"]
[Round "2.6"]
[White "Marcelin, Cyril"]
[Black "Ronce, Nathan"]
[Result "1-0"]
[WhiteElo "2452"]
[BlackElo "2189"]
[PlyCount "134"]
[EventDate "2024.??.??"]

1. Nf3 {4} d5 {24} 2. e3 {14} Nf6 {86} 3. c4 {29} e6 {77} 4. Nc3 {29} c5 {65}
5. cxd5 {123} exd5 {36} 6. d4 {18} Nc6 {68} 7. Bb5 {70} cxd4 {766} 8. exd4 {12}
Be7 {1142} 9. Ne5 {421} Bd7 {106} 10. O-O {430} O-O {357} 11. Bg5 {595} Rc8 {
608} 12. Re1 {259} a6 {295} 13. Ba4 {1059} b5 {687} 14. Bb3 {96} Be6 {19} 15.
Nxc6 {632} Rxc6 {12} 16. Qf3 {31} Rd6 {126} 17. h3 {608} Qb6 {261} 18. Bf4 {184
} Rd7 {65} 19. Be5 {8} Qb7 {189} 20. Ne2 {373} Ne4 {587} 21. Nf4 {28} Ng5 {247}
22. Qd3 {191} g6 {64} 23. Rac1 {519} Bf5 {123} 24. Qc3 {18} f6 {54} 25. Nxd5 {
13} Rxd5 {57} 26. Qc7 {18} Bc8 {46} 27. Qxb7 {157} Bxb7 {4} 28. Rc7 {32} Bb4 {
52} 29. Rxb7 {149} Bxe1 {5} 30. Bxd5+ {11} Kh8 {5} 31. Bf4 {32} Rd8 {39} 32.
Rb8 {90} Rxb8 {32} 33. Bxb8 {4} Kg7 {23} 34. Kf1 {25} Bb4 {50} 35. h4 {87} Nf7
{5} 36. Bb7 {9} a5 {33} 37. Bc6 {75} Bd6 {11} 38. Ba7 {5} Bc7 {51} 39. Bxb5 {7}
Nd6 {11} 40. Bd3 {18} Kf7 {15} 41. b3 {674} Ke6 {101} 42. Bc4+ {12} Kf5 {144}
43. Ke2 {137} Kg4 {108} 44. g3 {15} f5 {136} 45. Bc5 {148} f4 {281} 46. Be6+ {
302} Nf5 {158} 47. f3+ {216} Kh3 {83} 48. Bxf5+ {56} gxf5 {15} 49. gxf4 {5} Bd8
{83} 50. h5 {58} Kh4 {22} 51. h6 {258} Kh5 {3} 52. Bf8 {11} Kg6 {16} 53. Bg7 {
69} Bc7 {364} 54. Ke3 {19} Bb6 {57} 55. Kd3 {35} Bc7 {16} 56. Ke3 {90} Bb6 {14}
57. a3 {15} Kf7 {19} 58. Kd3 {26} Ke6 {129} 59. Kc4 {8} Bd8 {24} 60. b4 {39}
axb4 {126} 61. axb4 {57} Kd6 {42} 62. Bf8+ {45} Kc6 {12} 63. b5+ {37} Kd7 {17}
64. Bg7 {31} Bb6 {17} 65. Kd5 {19} Bc7 {11} 66. Be5 {17} Bb6 {8} 67. Bb8 {51}
Kc8 {9} 1-0

[Event "Top 16 Groupe B"]
[Site "Chartres, France"]
[Date "2024.05.31"]
[Round "2.7"]
[White "Ollier, Milan"]
[Black "Dionisi, Thomas"]
[Result "0-1"]
[WhiteElo "2179"]
[BlackElo "2396"]
[PlyCount "166"]
[EventDate "2024.??.??"]

1. e4 {3} c5 {13} 2. Nf3 {13} e6 {8} 3. d4 {34} cxd4 {6} 4. Nxd4 {6} Nc6 {11}
5. Nc3 {49} Qc7 {13} 6. Be3 {67} a6 {10} 7. Be2 {60} b5 {89} 8. a3 {91} Bb7 {
203} 9. O-O {421} Nf6 {122} 10. Kh1 {1447} Na5 {1478} 11. Qd3 {1210} Rc8 {138}
12. f4 {767} Nc4 {842} 13. Bc1 {118} Be7 {132} 14. e5 {252} Nd5 {96} 15. Nxd5 {
50} Bxd5 {43} 16. b3 {30} Nb6 {96} 17. Bb2 {33} O-O {1471} 18. Qg3 {135} f5 {59
} 19. Rac1 {69} Qb7 {86} 20. Bf3 {134} Rc7 {233} 21. Bxd5 {431} Nxd5 {131} 22.
Rfd1 {370} Rfc8 {259} 23. Qf3 {7} Nb6 {274} 24. Qxb7 {80} Rxb7 {2} 25. g3 {134}
g6 {13} 26. Rd3 {76} Rbc7 {43} 27. c3 {13} Kf7 {109} 28. Ne2 {24} a5 {264} 29.
Nd4 {64} Rc5 {29} 30. Rcd1 {40} a4 {30} 31. b4 {20} Rd5 {5} 32. Ne2 {18} Ke8 {
55} 33. Rxd5 {43} Nxd5 {2} 34. Rd3 {14} Nb6 {60} 35. Nd4 {17} Nc4 {8} 36. Bc1 {
11} Rb8 {23} 37. Kg2 {27} Rb7 {53} 38. Kf3 {7} Bd8 {36} 39. Rd1 {90} Bc7 {34}
40. Ke2 {12} Bb8 {32} 41. Kd3 {1298} Ba7 {440} 42. Nxb5 {97} Nxe5+ {6} 43. fxe5
{5} Rxb5 {2} 44. Re1 {90} Rd5+ {486} 45. Kc2 {16} Bb8 {18} 46. Bf4 {43} g5 {11}
47. Bxg5 {70} Rxe5 {15} 48. Rxe5 {55} Bxe5 {2} 49. Kd3 {124} d5 {154} 50. c4 {
236} Bb2 {235} 51. cxd5 {20} exd5 {45} 52. Kc2 {29} Bd4 {363} 53. Bc1 {43} Kd7
{31} 54. Kd3 {90} Bf6 {94} 55. Bd2 {12} Kc6 {87} 56. Bc3 {15} Bg5 {11} 57. Bb2
{71} Kb5 {59} 58. Kc3 {122} h5 {60} 59. h4 {30} Bf6+ {229} 60. Kc2 {5} Be7 {26}
61. Kd3 {54} Bd6 {29} 62. Kd4 {10} Bxg3 {5} 63. Kxd5 {5} Bxh4 {16} 64. Ke5 {17}
Bd8 {99} 65. Kxf5 {12} h4 {29} 66. Kg4 {27} Kc4 {6} 67. Bc1 {18} Bf6 {21} 68.
Kh3 {35} Kb3 {64} 69. Kg4 {57} Bd8 70. Kh3 {15} Bb6 {35} 71. Kxh4 {33} Kc2 {43}
72. Bf4 Kb2 {23} 73. Bd6 {61} Kxa3 {9} 74. b5+ {46} Kb3 {8} 75. Kg4 {42} Kc4 {8
} 76. Kf3 {60} Bc5 {17} 77. Be5 {12} a3 {141} 78. Ke4 {24} a2 {30} 79. Bf6 {35}
Bb6 {30} 80. Be5 {15} Ba5 {22} 81. Ba1 {61} Bc3 {29} 82. b6 {11} Bxa1 {7} 83.
b7 {4} Be5 {3} 0-1

[Event "Top 16 Groupe B"]
[Site "Chartres, France"]
[Date "2024.05.31"]
[Round "2.8"]
[White "Monpeurt, Cyrielle"]
[Black "Vigneau-Zorraquino, Cioran"]
[Result "1-0"]
[WhiteElo "2158"]
[BlackElo "2057"]
[PlyCount "91"]
[EventDate "2024.??.??"]

1. e4 {3} c5 {4} 2. Nc3 {19} Nc6 {49} 3. Nge2 {24} g6 {58} 4. d4 {35} cxd4 {12}
5. Nxd4 {5} Bg7 {45} 6. Be3 {47} Nf6 {116} 7. Bc4 {116} O-O {52} 8. Bb3 {46}
Re8 {53} 9. f4 {155} d6 {63} 10. Qf3 {53} a5 {83} 11. a4 {379} e5 {79} 12. Nxc6
{495} bxc6 {40} 13. fxe5 {14} dxe5 {171} 14. O-O {607} Be6 {190} 15. Rad1 {505}
Qc7 {431} 16. Bxe6 {58} Rxe6 {89} 17. Nb1 {90} Qb7 {773} 18. b3 {86} Qb4 {529}
19. Nd2 {326} Qc3 {132} 20. Rc1 {195} Bf8 {768} 21. Nc4 {132} Be7 {522} 22. Kh1
{143} c5 {481} 23. Rf2 {567} Qb4 {105} 24. Bd2 {370} Qb7 {10} 25. Re1 {4} Qc7 {
46} 26. Bc3 {283} Bd8 {87} 27. Rd2 {96} Qe7 {45} 28. Red1 {108} Bc7 {18} 29.
Rd3 {249} h5 {114} 30. Bd2 {64} Kg7 {70} 31. Bg5 {29} Qe8 {17} 32. Rf1 {155}
Qc6 {22} 33. Ne3 {383} Ra6 {277} 34. Nd5 {45} Bd8 {15} 35. c4 {120} Qb7 {97}
36. Bxf6+ {74} Bxf6 {7} 37. Qf2 {9} Qc6 {77} 38. Rf3 {33} Qd6 {49} 39. Kg1 {151
} Qc6 {15} 40. Qe3 {199} Qc8 {80} 41. Qf2 {251} Qc6 {8} 42. Qg3 {350} Qd6 {43}
43. Rxf6 {73} Rxf6 {42} 44. Rxf6 Qxf6 {613} 45. Nxf6 {21} Kxf6 {7} 46. Qf2+ {9}
1-0

[Event "Top 16 Groupe B"]
[Site "Chartres, France"]
[Date "2024.05.31"]
[Round "2.9"]
[White "Korobov, Anton"]
[Black "Aravindh, Chithambaram Vr"]
[Result "0-1"]
[WhiteElo "2651"]
[BlackElo "2670"]
[PlyCount "66"]
[EventDate "2024.??.??"]

1. d4 {2} Nf6 {11} 2. c4 {15} e6 {12} 3. Nc3 {10} Bb4 {14} 4. e3 {19} O-O {19}
5. Bd3 {7} d5 {15} 6. cxd5 {6} exd5 {57} 7. Nge2 {6} b6 {472} 8. O-O {52} Re8 {
92} 9. Bd2 {206} Bf8 {272} 10. Nf4 {580} c6 {662} 11. f3 {744} a5 {62} 12. Re1
{318} Ba6 {616} 13. Bc2 {10} b5 {349} 14. g4 {271} Nfd7 {417} 15. Nce2 {202} g6
{398} 16. Ng3 {225} Bb7 {421} 17. Kg2 {426} Bg7 {702} 18. Rc1 {175} Na6 {297}
19. a4 {398} b4 {88} 20. Bb3 {44} Rc8 {117} 21. Rc2 {142} Nb6 {340} 22. Qc1 {
331} Qd6 {11} 23. Nd3 {314} Nd7 {65} 24. Nc5 {5} Naxc5 {11} 25. dxc5 {2} Qf8 {
63} 26. e4 {205} Ne5 {23} 27. exd5 {68} cxd5 {26} 28. Rxe5 {17} Bxe5 {47} 29.
c6 {44} Ba6 {273} 30. Bxd5 {888} Bxg3 {236} 31. hxg3 {5} Re2+ {5} 32. Kh3 {3}
Bd3 {16} 33. Rc5 {33} Rxd2 {30} 0-1

[Event "Top 16 Groupe B"]
[Site "Chartres, France"]
[Date "2024.05.31"]
[Round "2.10"]
[White "Karthikeyan, Murali"]
[Black "Grandelius, Nils"]
[Result "1/2-1/2"]
[WhiteElo "2610"]
[BlackElo "2664"]
[PlyCount "47"]
[EventDate "2024.??.??"]

1. e4 {14} c5 {35} 2. c3 {41} d5 {44} 3. exd5 {9} Qxd5 {7} 4. d4 {12} Nf6 {181}
5. Nf3 {11} e6 {25} 6. Be2 {54} Nc6 {602} 7. O-O {47} cxd4 {26} 8. cxd4 {8} Be7
{6} 9. Nc3 {46} Qd6 {19} 10. Be3 {168} O-O {315} 11. Re1 {23} Bd7 {511} 12. a3
{103} Rac8 {169} 13. Qd3 {537} Rfd8 {683} 14. Rad1 {389} Be8 {154} 15. Ng5 {
1151} h6 {955} 16. Nge4 {109} Qc7 {39} 17. Qb1 {253} Qa5 {764} 18. Nc5 {1079}
Qc7 {167} 19. N5e4 {53} Qa5 {11} 20. h3 {777} a6 {224} 21. Nc5 {172} Qc7 {7}
22. N5e4 {179} Qa5 {98} 23. Nc5 {110} Qc7 {5} 24. N5e4 {295} 1/2-1/2

[Event "Top 16 Groupe B"]
[Site "Chartres, France"]
[Date "2024.05.31"]
[Round "2.11"]
[White "Salgado Lopez, Ivan"]
[Black "Pranesh M"]
[Result "1/2-1/2"]
[WhiteElo "2608"]
[BlackElo "2535"]
[PlyCount "53"]
[EventDate "2024.??.??"]

1. c4 {3} e6 {9} 2. g3 {36} d5 {6} 3. Bg2 {44} Nf6 {21} 4. Nf3 {46} Nbd7 {81}
5. b3 {251} Bd6 {18} 6. Bb2 {37} O-O {12} 7. O-O {63} a6 {194} 8. Nc3 {100} b6
{210} 9. cxd5 {139} exd5 {125} 10. Nd4 {275} Bb7 {24} 11. Nf5 {26} Ne5 {73} 12.
Rc1 {280} Re8 {154} 13. Nxd6 {23} Qxd6 {23} 14. Qc2 {399} c5 {671} 15. Na4 {436
} Rac8 {172} 16. Qd1 {323} Ned7 {459} 17. d4 {33} Ne4 {373} 18. dxc5 {140} bxc5
{114} 19. e3 {33} Qh6 {386} 20. Re1 {670} Re6 {620} 21. Rc2 {186} Rce8 {201}
22. Nc3 {444} Ndf6 {355} 23. Nxe4 {192} Nxe4 {6} 24. Qc1 {143} Qh5 {376} 25.
Qd1 {44} Qh6 {38} 26. Qc1 {123} Qh5 {16} 27. Qd1 {26} 1/2-1/2

[Event "Top 16 Groupe B"]
[Site "Chartres, France"]
[Date "2024.05.31"]
[Round "2.12"]
[White "Giroyan, Gary"]
[Black "Velten, Paul"]
[Result "1-0"]
[WhiteElo "2412"]
[BlackElo "2488"]
[PlyCount "89"]
[EventDate "2024.??.??"]

1. e4 {4} e6 {57} 2. d4 {8} d5 {30} 3. e5 {44} c5 {47} 4. c3 {4} Nc6 {18} 5.
Nf3 {5} Bd7 {13} 6. Be2 {36} Nge7 {27} 7. Na3 {74} cxd4 {21} 8. cxd4 {6} f6 {26
} 9. Nb5 {17} Ng6 {19} 10. exf6 {88} gxf6 {46} 11. O-O {36} Rg8 {92} 12. Re1 {
71} Kf7 {100} 13. Bf1 {144} Kg7 {83} 14. g3 {98} Kh8 {58} 15. Nc3 {8} Rc8 {1573
} 16. Bh3 {2236} e5 {215} 17. Bxd7 {199} Qxd7 {8} 18. dxe5 {3} Ncxe5 {47} 19.
Nxe5 {53} Nxe5 {8} 20. Bf4 {20} d4 {1066} 21. Ne4 {887} Qf5 {73} 22. Bxe5 {207}
fxe5 {11} 23. Qb3 {390} Rg7 {35} 24. Rad1 {95} Rgc7 {59} 25. Kg2 {164} Qg6 {
1193} 26. h4 {765} h6 {368} 27. Rd3 {52} Bg7 {18} 28. Re2 {92} Rc1 {68} 29.
Qxb7 {60} Qg4 {156} 30. f3 {266} Qe6 {6} 31. Qxa7 {49} Ra1 {62} 32. a3 {106}
Rcc1 {13} 33. Nf2 {5} Qc8 {213} 34. Qa4 {126} Kh7 {274} 35. Kh2 {31} h5 {78}
36. Rdd2 {28} Qb7 {107} 37. Rd3 {40} Qc8 {122} 38. Rdd2 {7} Qb7 {38} 39. Rd3 {2
} Rf1 {50} 40. Qe8 {54} Kh6 {63} 41. Qe6+ {21} Kh7 {11} 42. Nh3 {1086} Kh8 {47}
43. Qe8+ {9} Kh7 {9} 44. Ng5+ {9} Kh6 {8} 45. Qe6+ {2} 1-0

[Event "Top 16 Groupe B"]
[Site "Chartres, France"]
[Date "2024.05.31"]
[Round "2.13"]
[White "David, Alberto"]
[Black "Makkar, Rajat"]
[Result "1/2-1/2"]
[WhiteElo "2509"]
[BlackElo "2453"]
[PlyCount "89"]
[EventDate "2024.??.??"]

1. Nf3 {11} d5 {17} 2. g3 {9} Nf6 {27} 3. Bg2 {15} e6 {14} 4. O-O {37} Be7 {9}
5. d3 {400} O-O {36} 6. Nbd2 {31} c5 {70} 7. e4 {6} Nc6 {6} 8. Re1 {51} b5 {9}
9. e5 {84} Nd7 {16} 10. Nf1 {13} a5 {125} 11. h4 {121} a4 {348} 12. a3 {140}
Ra6 {569} 13. Bf4 {216} b4 {437} 14. N1h2 {354} c4 {646} 15. axb4 {740} Nxb4 {
136} 16. d4 {123} Qc7 {202} 17. Re3 {96} Bb7 {231} 18. Ng4 {561} Rfa8 {222} 19.
Ne1 {358} Qb6 {214} 20. Rb1 {431} Nc6 {99} 21. c3 {1746} Ra5 {684} 22. Re2 {5}
Rb5 {112} 23. Ra1 {5} Rb3 {436} 24. Rc2 {4} Rxb2 {357} 25. Rxb2 {159} Qxb2 {3}
26. Rb1 {4} Qxc3 {15} 27. Rxb7 {45} a3 {31} 28. Bd2 {129} Qxd4 {228} 29. Nc2 {4
} Qc5 {204} 30. Rxd7 {124} a2 {16} 31. Rb7 {96} Nd4 {183} 32. Nge3 {113} c3 {
116} 33. Be1 {63} Bf8 {89} 34. Kh2 {84} Nb5 {143} 35. Qh5 {23} Nc7 {32} 36. Rb3
{32} Nb5 {316} 37. Bf1 Nd4 {61} 38. Rxc3 {32} Qb6 39. Qd1 {72} Bc5 {16} 40. Bd3
{31} Nxc2 {92} 41. Nxc2 {147} Bxf2 {71} 42. Bxf2 {423} Qxf2+ {6} 43. Kh3 {2} g6
{180} 44. Qa1 {158} h5 {164} 45. Rb3 {1105} 1/2-1/2

[Event "Top 16 Groupe B"]
[Site "Chartres, France"]
[Date "2024.05.31"]
[Round "2.14"]
[White "Lamard, Guillaume"]
[Black "Lucas, Arthur"]
[Result "1/2-1/2"]
[WhiteElo "2500"]
[BlackElo "2323"]
[PlyCount "103"]
[EventDate "2024.??.??"]

1. e4 {8} e5 {17} 2. Nf3 {12} Nc6 {24} 3. Bc4 {21} Nf6 {12} 4. d3 {6} d5 {20}
5. exd5 {180} Nxd5 {8} 6. h3 {395} Nb6 {564} 7. Bb5 {183} Bd6 {14} 8. O-O {34}
O-O {58} 9. a4 {1028} a5 {376} 10. Nbd2 {187} Nd4 {694} 11. Bc4 {306} Nxc4 {687
} 12. Nxc4 {9} Qf6 {13} 13. Nxd4 {284} exd4 {32} 14. Re1 {34} Bb4 {505} 15. Bd2
{116} Bxd2 {97} 16. Nxd2 {115} Be6 {213} 17. Qh5 {391} b6 {746} 18. b3 {316}
Rad8 {114} 19. Ne4 {316} Qf5 {91} 20. Qxf5 {135} Bxf5 {17} 21. Nd2 {318} Rfe8 {
132} 22. Nf3 {119} c5 {154} 23. Nd2 {214} Be6 {185} 24. f3 {126} Bd5 {96} 25.
Kf2 {31} f6 {57} 26. h4 {153} Kf7 {258} 27. h5 {27} Rxe1 {104} 28. Rxe1 {4} Rd6
{271} 29. g4 {85} Re6 {168} 30. Rg1 {73} Re5 {233} 31. Rg3 {61} g5 {299} 32.
hxg6+ {405} hxg6 {6} 33. Rh3 {4} Kg7 {12} 34. Nb1 {20} Bb7 {134} 35. Na3 {40}
Ba6 {1} 36. Rh1 {123} Re3 {59} 37. Nb1 {140} Bb7 {40} 38. Nd2 {53} Bd5 39. Rh3
{32} Re8 {36} 40. Rh1 {202} Re3 {31} 41. Rh2 {324} Bc6 {188} 42. Rh3 {330} Bd5
{12} 43. Rh1 {104} Bc6 {185} 44. Re1 {68} Rxe1 {27} 45. Kxe1 {3} Bd5 {66} 46.
Kf2 {17} Kf7 {45} 47. Kg3 {34} Ke6 {99} 48. Nc4 {170} Bxc4 {60} 49. bxc4 {9} g5
{415} 50. f4 {26} Ke7 {27} 51. Kf3 {89} Kd7 {20} 52. Ke4 {58} 1/2-1/2

[Event "Top 16 Groupe B"]
[Site "Chartres, France"]
[Date "2024.05.31"]
[Round "2.15"]
[White "Bournel, Antoine"]
[Black "Defromont, Benjamin"]
[Result "1/2-1/2"]
[WhiteElo "2324"]
[BlackElo "2393"]
[PlyCount "94"]
[EventDate "2024.??.??"]

1. d4 {11} Nf6 {38} 2. c4 {24} e6 {15} 3. Nf3 {50} b6 {24} 4. g3 {74} Bb7 {11}
5. Bg2 {55} Be7 {9} 6. O-O {93} O-O {6} 7. Nc3 {109} d5 {14} 8. cxd5 {522} Nxd5
{129} 9. Nxd5 {339} exd5 {157} 10. Bf4 {378} Nd7 {110} 11. Qc2 {382} c5 {212}
12. dxc5 {681} bxc5 {113} 13. Rfd1 {40} Nf6 {773} 14. Ne5 {234} Qb6 {189} 15.
Bg5 {236} Rad8 {180} 16. Nd3 {461} c4 {512} 17. Ne5 {293} Ng4 {534} 18. Nxg4 {
74} Bxg5 {5} 19. h4 {611} Be7 {211} 20. e3 {40} Bc8 {498} 21. Nh2 {105} Bf6 {37
} 22. Rd2 {448} d4 {106} 23. exd4 {10} Rxd4 {17} 24. Rad1 {283} Rfd8 {216} 25.
Nf3 {97} Rxd2 {472} 26. Rxd2 {5} Rxd2 {179} 27. Nxd2 {4} Qxb2 {19} 28. Qxb2 {50
} Bxb2 {39} 29. Nxc4 {3} Bd4 {12} 30. Bd5 {35} Bf5 {255} 31. Nd6 {169} Bg6 {11}
32. Kg2 {136} Bc5 {250} 33. Ne4 {40} Be7 {22} 34. f4 {155} h6 {148} 35. Kf3 {90
} Kf8 {41} 36. Nd2 {50} Bb4 {66} 37. Nc4 {44} f6 {9} 38. Ne3 {51} Bc5 {334} 39.
Bb3 {42} Ke7 {89} 40. g4 {53} h5 {166} 41. g5 {295} fxg5 {135} 42. fxg5 {42}
Kd6 {464} 43. Kf4 {155} Bd4 {567} 44. Nf5+ {139} Bxf5 {23} 45. Kxf5 {3} Bf2 {4}
46. Kg6 {32} Bxh4 {6} 47. Kxh5 {6} Be1 {4} 1/2-1/2

[Event "Top 16 Groupe B"]
[Site "Chartres, France"]
[Date "2024.05.31"]
[Round "2.16"]
[White "Bensdorp-De Labaca, Marlies"]
[Black "Alexieva, Silvia"]
[Result "1/2-1/2"]
[WhiteElo "2229"]
[BlackElo "2144"]
[PlyCount "51"]
[EventDate "2024.??.??"]

1. d4 {2} d5 {13} 2. c4 {10} dxc4 {16} 3. Nf3 {22} Nf6 {30} 4. e3 {16} e6 {51}
5. Bxc4 {17} a6 {21} 6. a4 {235} c5 {79} 7. O-O {9} Nc6 {23} 8. Qe2 {158} Qc7 {
285} 9. Nc3 {318} Be7 {61} 10. Rd1 {363} O-O {141} 11. h3 {182} Rd8 {232} 12.
dxc5 {1110} Rxd1+ {280} 13. Qxd1 {19} Bxc5 {140} 14. Qe2 {223} Bd7 {205} 15.
Bd2 {904} Rc8 {372} 16. Rd1 {487} Ne7 {443} 17. Bd3 {124} Nf5 {279} 18. Be1 {
406} Bc6 {311} 19. Bb1 {165} Ba7 {401} 20. b4 {253} Bb8 {255} 21. e4 {37} Nh4 {
120} 22. g3 {27} Nxf3+ {215} 23. Qxf3 {4} b5 {186} 24. axb5 {7} axb5 {5} 25.
Qe2 {167} Qb7 {332} 26. f3 {45} 1/2-1/2